| 000 | 02169cam a22004814i 4500 | ||
|---|---|---|---|
| 003 | PE-LiUPU | ||
| 005 | 20250731172757.0 | ||
| 008 | 150617s r 000 0 d | ||
| 020 | _a8470201913 | ||
| 035 | _a(Sirsi) i9788470201912 | ||
| 040 |
_aPE-LiUPU _bspa _cPE-LiUPU _erda |
||
| 049 | _aPRUA | ||
| 082 | 0 | 4 |
_a241.5 _bS21 _221 |
| 100 | 1 |
_aSánchez García, Urbano, _eautor. |
|
| 245 | 1 | 3 |
_aLa opción del cristiano : _bsíntesis actualizada de teología moral. La madurez en Cristo, Teología moral fundamental / _cUrbano Sánchez García. |
| 264 | 1 |
_aMadrid : _bSociedad de educación atenas, _c1984. |
|
| 300 |
_a231 páginas ; _c21 centímetros |
||
| 336 |
_atext _2rdacontent |
||
| 337 |
_aunmediated _2rdamedia |
||
| 338 |
_avolume _2rdacarrier |
||
| 490 | 0 |
_aSíntesis ; _v3/1 |
|
| 504 | _aIncluye bibliografía. | ||
| 505 | 0 | _aTeología moral actualizada: Fuentes de la teología moral -- La evolución histórica -- El personalismo integral. Fundamentos dee la opción del cristiano: Fundamento antropológico -- Fundamento bíblico -- Fundamento eclesial. Dinamismo de la opción del cristiano: El dinamismo psicológico -- El dinamismo ético -- El dinamismo cristiano. La ley camino seún Cristo: El nivel antropológico -- El nivel cristiano -- Opción ante la ley; fidelidad al espíritu. La conciencia, luz del cristiano. El pecado: Incoherencia humana y rechazo de Dios. Conversión y madurez en Cristo. | |
| 526 | _aSEG42 | ||
| 526 | _aSEG41 | ||
| 526 | _aSEG40 | ||
| 526 | _aSEG39 | ||
| 526 | _aP94 | ||
| 526 | _aP87 | ||
| 526 | _aP86 | ||
| 526 | _aP85 | ||
| 526 | _aP77 | ||
| 526 | _aP76 | ||
| 526 | _aP35 | ||
| 650 | 0 | 4 | _aTeología moral (Cristianismo). |
| 910 |
_ajck _bjvq _cjck _d20150616 |
||
| 942 |
_2ddc _cBOOK |
||
| 949 |
_a241.5 S21 _wDEWEY _c1 _i28790 _lCCODEBUL1 _mBUL _r0 _sY _tBOOK _u2015-4-22 _xTEOLOGIA _PP35 _0COMPRA _o.STAFF. Colección General |
||
| 994 |
_aC0 _bPEPRU |
||
| 596 | _a1 | ||
| 999 |
_a241.5 S21 _wDEWEY _c3124 _i28790 _f2021-11-10 _g6 _lCCODEBUL1 _mBUL _r0 _sY _tBOOK _u2015-4-22 _xTEOLOGIA _PP35 _0COMPRA _o.STAFF. Colección General _d3124 |
||
| 980 |
_81 _gALBERTO SANCHEZ Responsable de Automatización |
||